Tribunal Contencioso Tributario

Bibliographic Details
Format: Unknown
Language:Spanish
Published: [Repb︢lica Dominicana] : [s.n.]
Subjects:
Online Access:Acceso restringido

MARC

LEADER 00000ny a22000003n 4500
005 20110510131218.0
008 071017s19969999dr zr pss 0 a0spa d
035 |a 2200 
040 |a BUS  |d vLex 
090 |c 1539  |d 1539 
245 3 0 |a Tribunal Contencioso Tributario  |h [Recurso electrn̤ico] 
256 |a Servicio en ln̕ea 
260 |a [Repb︢lica Dominicana] :  |b [s.n.] 
650 0 4 |a Sentencias  |x Publicaciones perid̤icas 
650 0 4 |a Tribunales administrativos  |x Publicaciones perid̤icas 
740 0 |a vLex Revista (Servicios en ln̕ea) 
843 |a Electrn̤ica. Abierta 
853 |8 1  |i (year)  |j (month)  |k (day) 
856 4 0 |z Acceso restringido  |u http://vlex.com/source/tribunal-contencioso-tributario-2200 
942 |c REV